000
00341nam a2200157Ia 4500
100
_a
Yogandanda/Paramahansa
650
_a
General
942
_c
BK
654
_a
talk with God
245
_a
How you can talk with God
260
_b
Yogananda Satsanga soc
_c
2004
082
_a
211
_b
YOG
300
_a
39
546
_a
ENGLISH
999
_c
30941
_d
30941